| 000 | 00487nam a2200193Ia 4500 | ||
|---|---|---|---|
| 005 | 20140314131542.0 | ||
| 008 | 140130s9999 xx 000 0 und d | ||
| 020 | _a0439472288 | ||
| 050 |
_aPZ 7 _b.R1936Ru 2006 |
||
| 100 | _aRathman, Peggy | ||
| 245 |
_cRathman, Peggy _aRuby the copycat / |
||
| 260 |
_bScholastic, _c2006. _aNew York : |
||
| 300 |
_a1 v. (unpaged) : _bcol. ill. ; _c24 cm. |
||
| 440 | _v1 | ||
| 521 | _aG3 | ||
| 526 | _c500 | ||
| 942 |
_cBK _2lcc |
||
| 999 |
_c40548 _d40548 |
||